000 00318 a2200109 4500
001 ART_12583
005 20260410161907.0
008 260409a
245 1 0 _aThe meaning of Internal Balance
100 1 _aMeade, James E.
773 0 _tThe Economic Journal
_g- Vol. 88, NÂș 351 (set. 1978)
_wREV12512
999 _c26478
_d26478